A first course in computers : (Record no. 147561)

MARC details
000 -LEADER
fixed length control field 00574nam a22001817a 4500
005 - DATE AND TIME OF LATEST TRANSACTION
control field 20171118160301.0
010 ## - LCCN (DPL NO)
LC control number ENG-121480
020 ## - INTERNATIONAL STANDARD BOOK NUMBER
International Standard Book Number 9789325980822
Terms of availability 299.00
035 ## - SYSTEM CONTROL NUMBER
System control number EN-105012
037 ## - SOURCE OF ACQUISITION
Source of stock number/acquisition DBAD/PUB
082 ## - DEWEY DECIMAL CLASSIFICATION NUMBER
Classification number 005.43
100 ## - MAIN ENTRY--PERSONAL NAME
Personal name Saxena, Sanjay
245 ## - TITLE STATEMENT
Title A first course in computers :
Statement of responsibility, etc by Sanjay Saxena
Remainder of title based on windows 8 and Ms office 2013 /
260 ## - PUBLICATION, DISTRIBUTION, ETC. (IMPRINT)
Place of publication, distribution, etc Noida
Name of publisher, distributor, etc Vikas Publishing House
Date of publication, distribution, etc 2015(repr.)
270 ## - ADDRESS
Address E-28, Sector-8,
City Noida (UP)
Postal code 201301
300 ## - PHYSICAL DESCRIPTION
Extent xv,464p. :
Dimensions 24cm(pbk)
Other physical details ill
942 ## - ADDED ENTRY ELEMENTS (KOHA)
Source of classification or shelving scheme Dewey Decimal Classification
Item type English Books
Call number suffix SAX
Classification part 005.43
Holdings
Withdrawn status Lost status Not for loan Collection code Home library Current library Date acquired Source of acquisition Cost, normal purchase price Full call number Barcode Copy number Cost, replacement price Koha item type
    Not For Loan Non-fiction Bawana D.B.Act.Division 18/11/2017 DBAD/PUB 299.00 005.43 SAX EN-105012 1 299.00 English Books

© Delhi Public Library
Hit Counter
free hit counter